Komparácia faktorov zákazníckej orientácie organizačnej kultúry v príspevkových a neziskových zdravotníckych zariadeniach

Stručný prehľad a syntéza doterajších poznatkov týkajúcich sa organizácií orientovaných na zákazníka. Problematika organizačnej kultúry a problematika zákazníckej orientácie v zdravotníckych organizáciách. Komparácia zákazníckej orientácie v neziskových a v príspevkových zdravotníckych organizác...

Celý popis

Uložené v:
Podrobná bibliografia
Hlavný autor: Čandík, Mikuláš
Médium: Kapitola
Jazyk:Slovak
Predmet:
Tagy: Pridať tag
Žiadne tagy, Buďte prvý, kto otaguje tento záznam!

MARC

LEADER 00000nla$a2200000$$$4500
001 0068839
005 20221128090809.6
041 0 |a slo 
044 |a SK 
245 1 0 |a Komparácia faktorov zákazníckej orientácie organizačnej kultúry v príspevkových a neziskových zdravotníckych zariadeniach  |c Mikuláš Čandík 
520 |a Stručný prehľad a syntéza doterajších poznatkov týkajúcich sa organizácií orientovaných na zákazníka. Problematika organizačnej kultúry a problematika zákazníckej orientácie v zdravotníckych organizáciách. Komparácia zákazníckej orientácie v neziskových a v príspevkových zdravotníckych organizáciách s použitím štatistických metód ako frekvenčná analýza, Chí-kvadrát test, Spearmanov korelačný koeficient, a indexových a grafických metód. 
610 2 0 |a analýza komparatívna 
610 2 0 |a metódy štatistické 
610 2 0 |a starostlivosť o zákazníkov 
610 2 0 |a starostlivosť o zdravie 
610 2 0 |a organizácie neziskové 
610 2 0 |a organizácie príspevkové 
610 2 0 |a zariadenia zdravotnícke 
100 1 |a Čandík, Mikuláš